Mindenkit elnyel a sötét alagút
Elmentve itt :
| Szerző: | |
|---|---|
| Adatforrás: | Philobibl |
| Forrásdokumentuma: | Népszava 1998:10. p. VIII. |
| Dokumentumtípus: | Cikk |
| Nyelv: | magyar |
| Kulcsszavak: | Heller Ágnes |
| LEADER | 00313nab a2200109 c 4500 | ||
|---|---|---|---|
| 001 | bibPHI0035188 | ||
| 005 | 20200924123438.1 | ||
| 008 | 090930s1998 hu hun | ||
| 100 | 1 | |a Kőbányai János | |
| 245 | 1 | 0 | |a Mindenkit elnyel a sötét alagút |c Kőbányai János |
| 695 | |a Heller Ágnes | ||
| 773 | 0 | |t Népszava |g 1998:10. p. VIII. | |